000 00957nam a22002417a 4500
999 _c65296
_d65296
005 20240530110817.0
008 190702s2019 ua abf g b 000 0 ara d
017 _a2018/19454
_bمصر. دار الكتب
020 _a9789777358866
040 _aEG-CaGPL
_cEG-CaGPL
082 0 4 _221
_a723.3/
_bم د
100 0 _bمحمد السيد محمد ابو رحاب
245 1 0 _aدراسات فى العمارة الاسلامية ببلاد المغرب /
_cمحمد السيد محمد ابو رحاب
250 _aط.1
260 _aالاسكندرية :
_bدار الوفاء لدنيا الطباعة و النشر،
_c2019.
300 _a399.ص :
_bايض ؛
_c24 سم.
504 _aيشتمل على ارجاعات ببليوجرافية
650 0 7 _2qrmak
_aالعمارة
650 0 7 _2qrmak
_aالعمارة الاسلامية
_zبلاد المغرب
651 _2qrmak
942 _2ddc
_cBK